Stadtteile von Voerde - Statistiken

Allgemein
  • Dieses Quiz wurde 24 mal gespielt
  • Das Durchschnittsergebnis liegt bei 8 aus 11
Antwortstatistiken
Stadtteil % Korrekt
Friedrichsfeld
92%
Möllen
92%
Ork
92%
Spellen
92%
Löhnen
83%
Voerde
83%
Mehrum
75%
Emmelsum
67%
Götterswickerhamm
67%
Stockum
58%
Holthausen
42%
Keine übereinstimmenden Quizze gefunden
Verteilung der Resultate
Anzahl Personen mit jedem Resultat
Perzentil nach korrekt beantworteten Fragen
Ihre Resultats-Entwicklung
Sie haben dieses Quiz noch nicht gespielt